[Event "ESP-chT CECLUB Div2"]
[Site "Linares"]
[Date "2023.08.15"]
[Round "3.21"]
[White "Sosa, Tomas Sebastian"]
[Black "Merario Alarcon, Andres"]
[Result "1/2-1/2"]
[WhiteElo "2556"]
[BlackElo "2458"]
[PlyCount "80"]
[EventDate "2023.08.13"]
[EventType "team-swiss"]
[EventRounds "7"]
[EventCountry "ESP"]
[SourceTitle "EXT 2024"]
[Source "ChessBase"]
[SourceDate "2023.10.10"]
[SourceVersion "1"]
[SourceVersionDate "2023.10.10"]
[SourceQuality "1"]
[WhiteTeam "Manises Eva"]
[BlackTeam "Marbella Metro"]
[WhiteTeamCountry "ESP"]
[BlackTeamCountry "ESP"]

1. g3 d5 2. Nf3 Nf6 3. Bg2 e6 4. 0-0 Be7 5. d3 0-0 6. Nbd2 a5 7. e4 a4 8. a3 c5 9. Re1 Nc6 10. e5 Nd7 11. Nf1 Ra6 12. h4 f6 13. exf6 Nxf6 14. Ne3 e5 15. c4 d4 16. Nd5 Bg4 17. Nxe7+ Qxe7 18. Qc2 h6 19. b4 axb3 20. Qxb3 Ne8 21. Nh2 Bf5 22. f4 Nf6 23. Rb1 Na5 24. Qd1 Re6 25. Rb5 b6 26. fxe5 Rxe5 27. Rxe5 Qxe5 28. Bf4 Qe6 29. Bc7 Qe3+ 30. Kh1 Bxd3 31. Bf4 Qe2 32. Qxe2 Bxe2 33. Rxb6 Nxc4 34. Rc6 Rd8 35. Rxc5 Nxa3 36. Nf1 Bc4 37. Kg1 Bd5 38. Bc7 Rd7 39. Bh3 Ne4 40. Rxd5 Rxc7 1/2-1/2

[Event "Benalmadena Rapid op 1st"]
[Site "Benalmadena"]
[Date "2023.02.26"]
[Round "8"]
[White "Merario Alarcon, Andres"]
[Black "Martinez Ramirez, Lennis"]
[Result "0-1"]
[WhiteElo "2449"]
[BlackElo "2415"]
[PlyCount "150"]
[EventDate "2023.02.25"]
[EventType "swiss (rapid)"]
[EventRounds "9"]
[EventCountry "ESP"]
[SourceTitle "CBM 212 Extra"]
[Source "ChessBase"]
[SourceDate "2023.03.31"]
[SourceVersion "1"]
[SourceVersionDate "2023.03.31"]
[SourceQuality "1"]

1. d4 d5 2. c4 dxc4 3. e3 Nf6 4. Bxc4 e6 5. Nf3 a6 6. 0-0 c5 7. dxc5 Bxc5 8. Qxd8+ Kxd8 9. Ne5 Ke7 10. Be2 Nbd7 11. Nc4 Nd5 12. Nbd2 N7b6 13. Ne4 Bb4 14. Nxb6 Nxb6 15. a3 f5 16. axb4 fxe4 17. b5 axb5 18. Rxa8 Nxa8 19. Bd2 Bd7 20. Bc3 Rg8 21. Rd1 Bc6 22. Bb4+ Kf7 23. Ba5 Rc8 24. Rc1 Nc7 25. Bxc7 Rxc7 26. Bxb5 Kf6 27. g4 Ke5 28. Rc4 g5 29. b4 Rc8 30. Rc5+ Kf6 31. Ba4 h6 32. b5 Bd7 33. Rxc8 Bxc8 34. b6 Ke5 35. Kf1 Kd5 36. Ke1 e5 37. h3 Be6 38. Bc2 Bd7 39. Kd2 Bc6 40. Kc3 Kc5 41. Bb1 Bd5 42. Bc2 Kxb6 43. Kb4 Kc6 44. Bb1 b5 45. Bc2 Kb6 46. Bb1 Bc4 47. Bxe4 Bf1 48. Bf3 Bxh3 49. Be2 e4 50. f3 exf3 51. Bxf3 Bf1 52. e4 Kc6 53. e5+ Kd7 54. Kc5 Ke6 55. Kd4 b4 56. Bd1 Bg2 57. Bb3+ Ke7 58. Bd1 b3 59. Bxb3 Bf3 60. Ke3 Bxg4 61. Kf2 Be6 62. Bd1 Bf7 63. Ke3 Be8 64. Bb3 h5 65. Kf3 Bg6 66. Kg3 Bf5 67. Bd5 Kd7 68. Bc4 Kc6 69. Bf7 h4+ 70. Kf3 g4+ 71. Kf4 g3 72. Bh5 Be6 73. Bf3+ Kc5 74. Bg2 Kd4 75. Kg5 h3 0-1

[Event "Malaga op 16th"]
[Site "Malaga"]
[Date "2022.10.30"]
[Round "5"]
[White "Sumets, Andrey"]
[Black "Merario Alarcon, Andres"]
[Result "1/2-1/2"]
[WhiteElo "2493"]
[BlackElo "2421"]
[PlyCount "75"]
[EventDate "2022.10.27"]
[EventType "swiss"]
[EventRounds "9"]
[EventCountry "ESP"]
[SourceTitle "EXT 2024"]
[Source "ChessBase"]
[SourceDate "2023.10.10"]
[SourceVersion "1"]
[SourceVersionDate "2023.10.10"]
[SourceQuality "1"]

1. c4 e6 2. Nf3 d5 3. e3 Nf6 4. b3 Be7 5. Bb2 0-0 6. Nc3 c5 7. cxd5 exd5 8. d4 Nc6 9. Be2 Ne4 10. 0-0 cxd4 11. Nxe4 dxe4 12. Nxd4 Qb6 13. Qc2 Nxd4 14. Bxd4 Qg6 15. Rfc1 h5 16. Bf1 Re8 17. a4 h4 18. a5 a6 19. Qc7 Bd8 20. Qc5 Be7 21. Qb6 Qxb6 22. Bxb6 Bd7 23. Rc7 Bc6 24. Bc4 Rac8 25. Rxc8 Rxc8 26. Rd1 Kf8 27. g3 hxg3 28. hxg3 Ke8 29. Kg2 Kf8 30. g4 Bf6 31. Rh1 Kg8 32. Rd1 Kf8 33. Rh1 Kg8 34. Rc1 Bd5 35. Bxd5 Rxc1 36. Bxb7 Ra1 37. Bxe4 Bc3 38. Kg3 1/2-1/2

[Event "Malaga op 16th"]
[Site "Malaga"]
[Date "2022.10.29"]
[Round "4"]
[White "Merario Alarcon, Andres"]
[Black "Grigoryan, Karen H"]
[Result "1-0"]
[WhiteElo "2421"]
[BlackElo "2617"]
[PlyCount "71"]
[EventDate "2022.10.27"]
[EventType "swiss"]
[EventRounds "9"]
[EventCountry "ESP"]
[SourceTitle "EXT 2024"]
[Source "ChessBase"]
[SourceDate "2023.10.10"]
[SourceVersion "1"]
[SourceVersionDate "2023.10.10"]
[SourceQuality "1"]

1. d4 d6 2. e4 Nf6 3. Nc3 e5 4. Nf3 exd4 5. Nxd4 Be7 6. Bf4 0-0 7. Qd2 Nc6 8. 0-0-0 Nxd4 9. Qxd4 Be6 10. f3 Nd7 11. h4 Bf6 12. Qd2 b5 13. Nxb5 Rb8 14. b3 Ne5 15. Bg5 h6 16. f4 hxg5 17. hxg5 Be7 18. g3 Nf3 19. Qg2 Bg4 20. Nd4 Bxg5 21. Nxf3 Bh6 22. Rh4 Bxf3 23. Qxf3 Qf6 24. Kb1 c6 25. Bc4 Rfe8 26. Rh5 Qg6 27. e5 dxe5 28. fxe5 Rbd8 29. Rxd8 Rxd8 30. Rf5 Rd7 31. e6 Re7 32. Rxf7 Qg5 33. Qd1 Re8 34. e7 Kh7 35. Qd3+ Qg6 36. Rf8 1-0

[Event "ESP-ch 87th"]
[Site "Linares"]
[Date "2022.08.18"]
[Round "9"]
[White "Merario Alarcon, Andres"]
[Black "Narciso Dublan, Marc"]
[Result "1/2-1/2"]
[WhiteElo "2423"]
[BlackElo "2455"]
[PlyCount "61"]
[EventDate "2022.08.11"]
[EventType "swiss"]
[EventRounds "9"]
[EventCountry "ESP"]
[SourceTitle "CBM 209 Extra"]
[Source "ChessBase"]
[SourceDate "2022.09.30"]
[SourceVersion "1"]
[SourceVersionDate "2022.09.30"]
[SourceQuality "1"]

1. d4 f5 2. Nf3 Nf6 3. g3 e6 4. c4 d5 5. Nc3 Be7 6. Bf4 0-0 7. e3 c6 8. Rc1 Nbd7 9. Bd3 dxc4 10. Bxc4 Nb6 11. Bb3 Nbd5 12. 0-0 Bd7 13. Ne5 Be8 14. Nd3 Bh5 15. f3 Nd7 16. Qd2 g5 17. Be5 Nxe5 18. Nxe5 f4 19. Nxd5 exd5 20. e4 a5 21. a3 Bf6 22. Kg2 Qb6 23. Rc3 Rad8 24. exd5 cxd5 25. Re1 Kh8 26. Bc2 Rg8 27. Qd3 Rg7 28. Qf5 Bg6 29. Qe6 Qxe6 30. Nxg6+ hxg6 31. Rxe6 1/2-1/2

[Event "ESP-ch 87th"]
[Site "Linares"]
[Date "2022.08.17"]
[Round "8"]
[White "Santos Latasa, Jaime"]
[Black "Merario Alarcon, Andres"]
[Result "1/2-1/2"]
[WhiteElo "2672"]
[BlackElo "2423"]
[PlyCount "60"]
[EventDate "2022.08.11"]
[EventType "swiss"]
[EventRounds "9"]
[EventCountry "ESP"]
[SourceTitle "CBM 209 Extra"]
[Source "ChessBase"]
[SourceDate "2022.09.30"]
[SourceVersion "1"]
[SourceVersionDate "2022.09.30"]
[SourceQuality "1"]

1. c4 e6 2. Nc3 d5 3. d4 c5 4. cxd5 exd5 5. Nf3 Nf6 6. g3 Nc6 7. a3 cxd4 8. Nxd4 Bc5 9. Be3 Bb6 10. Na4 0-0 11. Nxb6 axb6 12. Nf3 Re8 13. Bg2 Bf5 14. 0-0 Be4 15. Rc1 h6 16. Bd4 b5 17. Bc3 Qd6 18. Nd4 Nxd4 19. Bxd4 Bxg2 20. Kxg2 Ne4 21. e3 Qd7 22. h3 Rac8 23. Qg4 f5 24. Qg6 Qf7 25. Qb6 Qd7 26. Rfd1 Kh7 27. h4 Re6 28. Qa5 Rec6 29. Rxc6 Rxc6 30. Bc3 Rc4 1/2-1/2

[Event "ESP-ch 87th"]
[Site "Linares"]
[Date "2022.08.13"]
[Round "4"]
[White "Merario Alarcon, Andres"]
[Black "Cesar Maestre, Bernardo"]
[Result "1-0"]
[WhiteElo "2423"]
[BlackElo "2302"]
[PlyCount "107"]
[EventDate "2022.08.11"]
[EventType "swiss"]
[EventRounds "9"]
[EventCountry "ESP"]
[SourceTitle "CBM 209 Extra"]
[Source "ChessBase"]
[SourceDate "2022.09.30"]
[SourceVersion "1"]
[SourceVersionDate "2022.09.30"]
[SourceQuality "1"]

1. d4 d5 2. c4 dxc4 3. Nf3 Nf6 4. e3 a6 5. Bxc4 e6 6. 0-0 c5 7. dxc5 Bxc5 8. Qxd8+ Kxd8 9. Ne5 Ke7 10. Be2 Nbd7 11. Nc4 Nb6 12. b4 Nxc4 13. bxc5 Na5 14. Ba3 Rd8 15. Nc3 Ke8 16. Rfd1 Bd7 17. g4 h6 18. h4 g5 19. hxg5 hxg5 20. f4 gxf4 21. exf4 Nd5 22. Nxd5 exd5 23. Rxd5 Be6 24. Rd6 Rxd6 25. cxd6 Kd7 26. f5 Bd5 27. Bb4 Nc6 28. Bc5 Rh8 29. Kf2 Rh2+ 30. Ke3 f6 31. Rg1 Rh3+ 32. Kd2 Bxa2 33. g5 fxg5 34. Rxg5 Ne5 35. f6 Nf7 36. Bg4+ Kc6 37. Bxh3 Nxg5 38. d7 Nf7 39. Be7 Kc7 40. Kc3 b6 41. Kd4 Bb3 42. Bf5 a5 43. Kc3 Bd5 44. Bh3 Ba2 45. Kd4 Bb3 46. Kc3 Bd5 47. Bf5 Ba2 48. Ba3 Bd5 49. Bc1 Bc6 50. Bf4+ Kd8 51. Be6 Nh8 52. Bg5 Kc7 53. d8Q+ Kxd8 54. f7+ 1-0

[Event "Gibraltar Battle of the Sexes"]
[Site "Gibraltar"]
[Date "2022.01.24"]
[Round "1.2"]
[White "Abdumalik, Zhansaya"]
[Black "Merario Alarcon, Andres"]
[Result "1/2-1/2"]
[WhiteElo "2491"]
[BlackElo "2408"]
[PlyCount "69"]
[EventDate "2022.01.24"]
[EventType "schev"]
[EventRounds "10"]
[EventCountry "GGB"]
[SourceTitle "CBM 206 Extra"]
[Source "ChessBase"]
[SourceDate "2022.03.31"]
[SourceVersion "1"]
[SourceVersionDate "2022.03.31"]
[SourceQuality "1"]
[WhiteTeam "Women"]
[BlackTeam "Men"]
[WhiteTeamCountry "ENG"]
[BlackTeamCountry "ENG"]

1. e4 e5 2. Nf3 Nc6 3. Bc4 Nf6 4. d3 Bc5 5. c3 d6 6. 0-0 h6 7. Re1 0-0 8. Nbd2 a5 9. Nf1 a4 10. h3 Bd7 11. Bb5 Ne7 12. Bxd7 Qxd7 13. d4 Bb6 14. Ng3 Qb5 15. Qc2 exd4 16. cxd4 Nh5 17. Ne2 Nc6 18. Be3 Nf6 19. Nc3 Qc4 20. b3 axb3 21. axb3 Nb4 22. Qb2 Qd3 23. Rac1 Qa6 24. Ra1 Qd3 25. Rad1 Qc2 26. Bc1 Qxb2 27. Bxb2 Rfe8 28. e5 Nfd5 29. exd6 Nxc3 30. Bxc3 Nd5 31. Rxe8+ Rxe8 32. Re1 Rxe1+ 33. Bxe1 cxd6 34. Bd2 Kf8 35. Kf1 1/2-1/2

[Event "Roquetas de Mar op 33rd"]
[Site "Roquetas de Mar"]
[Date "2022.01.08"]
[Round "8"]
[White "Karthik, Venkataraman"]
[Black "Merario Alarcon, Andres"]
[Result "1/2-1/2"]
[WhiteElo "2504"]
[BlackElo "2408"]
[PlyCount "149"]
[EventDate "2022.01.04"]
[EventType "swiss"]
[EventRounds "9"]
[EventCountry "ESP"]
[SourceTitle "EXT 2023"]
[Source "ChessBase"]
[SourceDate "2022.10.05"]
[SourceVersion "1"]
[SourceVersionDate "2022.10.05"]
[SourceQuality "1"]

1. e4 e5 2. Nf3 Nc6 3. Bb5 Nf6 4. d3 Bc5 5. Bxc6 dxc6 6. 0-0 Bg4 7. h3 Bh5 8. g4 Nxg4 9. hxg4 Bxg4 10. Be3 Be7 11. Kg2 f5 12. Qe1 Bxf3+ 13. Kxf3 f4 14. Bd2 g5 15. Ke2 Qd7 16. f3 0-0-0 17. Bc3 Bf6 18. Qf2 Kb8 19. Nd2 h5 20. Rh1 g4 21. Rag1 Rdg8 22. Nc4 Qe6 23. a4 b6 24. b3 Kb7 25. Qf1 Qe8 26. Kd2 Rg5 27. Kd1 Rg6 28. Kc1 Ka8 29. Kb2 Kb8 30. Ka2 c5 31. Qa1 Rg5 32. fxg4 hxg4 33. Rxh8 Qxh8 34. Nxe5 Kb7 35. Bb2 Bxe5 36. Bxe5 Rxe5 37. Rxg4 Qf6 38. Qf1 c4 39. Qxf4 cxb3+ 40. cxb3 Qd6 41. Rg2 Qd4 42. Qf6 Qc5 43. Qf2 Qc6 44. Qd4 Rc5 45. Kb2 a5 46. Re2 Ka7 47. e5 Qe6 48. Qe4 Qh6 49. Rc2 Rxc2+ 50. Kxc2 Qh2+ 51. Kd1 Qg1+ 52. Kd2 Qf2+ 53. Qe2 Qd4 54. Kc2 b5 55. Qd2 b4 56. Qe1 Qc5+ 57. Kb1 Qd5 58. Qe3+ Kb8 59. d4 Kc8 60. Qd3 Kd8 61. Kc2 Qg2+ 62. Qd2 Qe4+ 63. Kb2 Kc8 64. Qf2 Kb7 65. Kc1 Qd3 66. Kb2 Qe4 67. Ka2 Kb8 68. Ka1 Kb7 69. Kb2 Kb8 70. Qf8+ Kb7 71. Qc5 Qe2+ 72. Qc2 Qe3 73. Qd1 Qc3+ 74. Kb1 Qe3 75. Kb2 1/2-1/2

[Event "Roquetas de Mar op 33rd"]
[Site "Roquetas de Mar"]
[Date "2022.01.06"]
[Round "5"]
[White "Grigoryan, Karen H"]
[Black "Merario Alarcon, Andres"]
[Result "1/2-1/2"]
[WhiteElo "2646"]
[BlackElo "2408"]
[PlyCount "152"]
[EventDate "2022.01.04"]
[EventType "swiss"]
[EventRounds "9"]
[EventCountry "ESP"]
[SourceTitle "EXT 2023"]
[Source "ChessBase"]
[SourceDate "2022.10.05"]
[SourceVersion "1"]
[SourceVersionDate "2022.10.05"]
[SourceQuality "1"]

1. d4 d5 2. c4 e6 3. Nc3 c5 4. e3 Nf6 5. Nf3 dxc4 6. Bxc4 a6 7. 0-0 b5 8. Be2 Bb7 9. dxc5 Bxc5 10. Qxd8+ Kxd8 11. Nd2 Nbd7 12. Nb3 Ke7 13. Na5 Rab8 14. Nxb7 Rxb7 15. a4 b4 16. Nb1 a5 17. Nd2 Ne5 18. Nf3 Nxf3+ 19. Bxf3 Rc7 20. b3 Nd7 21. Bb2 f6 22. Rac1 Rhc8 23. Be2 Bd6 24. Ba6 Ra8 25. Rxc7 Bxc7 26. Bb5 Nc5 27. Rc1 Bd6 28. Bc4 Rc8 29. f4 Ne4 30. Bd3 Nc3 31. Kf2 f5 32. Kf3 g6 33. Bc4 Ne4 34. Rc2 Bb8 35. Bd4 Nd6 36. Bd3 Rxc2 37. Bxc2 Bc7 38. g4 Kd7 39. h3 Kc6 40. h4 Kd5 41. h5 Ne4 42. gxf5 exf5 43. h6 Nc5 44. Bg7 Bd6 45. Ke2 Ke6 46. Kf3 Be7 47. Bd4 Bf8 48. Bd1 Nd7 49. Be2 Bxh6 50. Bc4+ Ke7 51. e4 fxe4+ 52. Kxe4 Nf6+ 53. Kf3 Nd7 54. Bb5 Bf8 55. Ke4 Kd6 56. Bc4 Be7 57. Kf3 g5 58. Bf7 gxf4 59. Kxf4 Bf6 60. Bg1 h6 61. Kf5 Bg5 62. Bh2+ Ke7 63. Bd5 Be3 64. Bc7 Bb6 65. Bf4 h5 66. Bc4 Nc5 67. Kg6 h4 68. Bg5+ Kd6 69. Bxh4 Ke5 70. Kf7 Kd6 71. Bg3+ Kc6 72. Ke7 Bc7 73. Bf2 Bb6 74. Bf7 Nxa4 75. Be8+ Kb7 76. Bxa4 Bxf2 1/2-1/2

[Event "Roquetas de Mar op 33rd"]
[Site "Roquetas de Mar"]
[Date "2022.01.06"]
[Round "4"]
[White "Yuffa, Daniil"]
[Black "Merario Alarcon, Andres"]
[Result "1-0"]
[WhiteElo "2574"]
[BlackElo "2408"]
[PlyCount "86"]
[EventDate "2022.01.04"]
[EventType "swiss"]
[EventRounds "9"]
[EventCountry "ESP"]
[SourceTitle "EXT 2023"]
[Source "ChessBase"]
[SourceDate "2022.10.05"]
[SourceVersion "1"]
[SourceVersionDate "2022.10.05"]
[SourceQuality "1"]

1. d4 d5 2. c4 e6 3. Nf3 Nf6 4. Nc3 c5 5. e3 dxc4 6. Bxc4 a6 7. 0-0 b5 8. Be2 Bb7 9. dxc5 Qxd1 10. Rxd1 Bxc5 11. Nd4 Nbd7 12. Nb3 Rc8 13. Na5 Rb8 14. Nxb7 Rxb7 15. b3 Ke7 16. Bb2 Rc7 17. Rac1 Rhc8 18. a4 b4 19. Nb1 a5 20. Ba6 Ra8 21. Bb5 Bd6 22. Bxd7 Rxd7 23. Kf1 Rad8 24. Bxf6+ gxf6 25. Ke2 f5 26. g3 h5 27. Rd4 Be5 28. Rxd7+ Rxd7 29. Rc5 Rd5 30. Rxd5 exd5 31. Nd2 Bc7 32. Nf3 Bb6 33. Kd3 Kf6 34. Nd4 Ke5 35. Ne2 Bd8 36. h4 Bb6 37. Nf4 d4 38. Nxh5 dxe3 39. fxe3 Bc7 40. Nf4 Bd8 41. Ke2 Ke4 42. Nh3 Bf6 43. h5 Bg7 1-0

[Event "Casabermeja"]
[Site "Casabermeja"]
[Date "2021.09.11"]
[Round "7"]
[White "Petkov, Vladimir"]
[Black "Merario Alarcon, Andres"]
[Result "1-0"]
[WhiteElo "2497"]
[BlackElo "2408"]
[PlyCount "85"]
[EventDate "2021.09.08"]
[EventType "tourn"]
[EventRounds "9"]
[EventCountry "ESP"]
[EventCategory "7"]
[SourceTitle "CBM 204 Extra"]
[Source "ChessBase"]
[SourceDate "2021.11.30"]
[SourceVersion "1"]
[SourceVersionDate "2021.11.30"]
[SourceQuality "1"]

1. Nf3 d5 2. c4 e6 3. g3 Nf6 4. Bg2 Be7 5. 0-0 0-0 6. d4 dxc4 7. Qc2 b5 8. a4 Bb7 9. axb5 a6 10. bxa6 Nxa6 11. Bg5 Nb4 12. Rxa8 Bxa8 13. Qxc4 Bd5 14. Qc1 Bxf3 15. Bxf3 Qxd4 16. Rd1 Qc5 17. Na3 Qxc1 18. Rxc1 c5 19. Nc4 h6 20. Bf4 Rd8 21. h4 Nfd5 22. Bd2 Bf6 23. h5 Nc6 24. e3 Ncb4 25. Be4 Be7 26. Ra1 Nb6 27. Nxb6 Rxd2 28. Nc4 Rd8 29. Ra7 Kf8 30. g4 Bd6 31. Kf1 Nd5 32. f4 Nf6 33. Bf3 Ne8 34. Ke2 f6 35. Bc6 Be7 36. Bd7 Kf7 37. Na5 Nd6 38. Nc6 Rf8 39. f5 exf5 40. gxf5 Bd8 41. Be6+ Ke8 42. Rxg7 Rh8 43. Nxd8 1-0